000 00420nam a22001457a 4500
003 OSt
005 20240418094907.0
008 240418b |||||||| |||| 00| 0 eng d
040 _cMRSPTU
100 _aSingh, Rajinder (ਸਿੰਘ, ਰਜਿੰਦਰ)
245 _aNashyan Di Daldal (ਨਸ਼ਿਆਂ ਦੀ ਦਲਦਲ)
260 _aPunjab
_bDharm Parchark Committee
_c2005
300 _a160
942 _2ddc
_cBK
_n0
999 _c10071
_d10071